[Event "USA-ch"]
[Site "Seattle"]
[Date "2003.01.18"]
[Round "9"]
[White "Gurevich, Dmitry"]
[Black "Seirawan, Yasser"]
[Result "0-1"]
[WhiteElo "2492"]
[BlackElo "2636"]
[Annotator "Huzman,A"]
[PlyCount "86"]
[EventDate "2003.01.09"]
[EventType "swiss"]
[EventRounds "9"]
[EventCountry "USA"]
[SourceTitle "CBM 093"]
[Source "ChessBase"]
[SourceDate "2003.04.01"]
[SourceVersion "1"]
[SourceVersionDate "2003.04.01"]
[SourceQuality "1"]

1. d4 d5 2. c4 dxc4 3. e4 Nf6 4. e5 Nd5 5. Bxc4 Nb6 6. Bd3 Nc6 7. Ne2 Bg4 8. f3
Bh5 9. Be3 (9. Nbc3 e6 10. Be3 (10. a3 Ne7 (10... Bg6 11. Be4 Be7 12. O-O O-O
13. Be3 Qd7 14. Qc2 Bxe4 15. fxe4 f6 16. exf6 Rxf6 17. Rxf6 Bxf6 18. Rd1 Rf8
19. d5 exd5 20. Bxb6 axb6 21. Nxd5 Qf7 22. Nxf6+ Qxf6 $11 {1-0 Matveeva,
S-Mirzoev,A/Abudhabi 2000/CBM 77 ext (40)}) 11. Bg5 Qd7 12. Ne4 Ned5 13. Qd2
Be7 14. Bxe7 Qxe7 15. Bb5+ Nd7 16. N2c3 O-O 17. Nxd5 exd5 18. Ng3 Bg6 19. O-O
c6 20. Be2 h5 21. Bd3 Bxd3 22. Qxd3 g6 23. Rae1 Nb6 24. f4 f5 25. exf6 Qxf6 26.
f5 $16 {1-0 Tunik,G-Maksimenko,V/Ekaterinburg 1997/CBM 57 ext (32)}) 10... Be7
(10... Bg6 11. Bb5 (11. O-O Bxd3 12. Qxd3 Nxe5 13. Qb5+ Ned7 14. d5 a6 15. Qd3
exd5 16. Rfe1 Be7 17. Nd4 O-O $19 {0-1 Gaertner,G-Reichenbach,W/Berlin 1994/
EXT 97 (41)}) 11... Be7 12. O-O O-O 13. Bxc6 bxc6 14. Nc1 (14. Bf2 c5 {1/2-1/2
Safin,S-Mirzoev,A/Abudhabi 2000/CBM 77 ext (14)}) 14... c5 15. dxc5 Qxd1 16.
Nxd1 Nc4 17. Nb3 Rfd8 18. Rc1 Rxd1 19. Rfxd1 Nxe3 $17 {0-1 Gretarsson,H-Naer,E/
Bratislava 1993/TD (38)}) 11. O-O Qd7 12. Rc1 Rd8 13. Ne4 Nb4 14. Bb1 Bg6 15.
g4 N4d5 16. Bf2 h5 17. Nc5 Bxc5 18. dxc5 Bxb1 19. cxb6 Bg6 20. bxc7 Rc8 21. Qb3
b6 22. Nc3 hxg4 23. fxg4 O-O $132 {0-1 Roth,M-Frech,S/Germany 1992/GER (30)})
9... e6 10. Nf4 Bg6 11. Nc3 (11. Bb5 Qd7 12. Nc3 a6 $11) 11... Bxd3 12. Qxd3
Nb4 13. Qe2 Be7 $11 14. Ne4 N4d5 15. Nh5 g6 16. Nhg3 Nxe3 17. Qxe3 Nd5 18. Qb3
O-O 19. O-O (19. Qxb7 Ne3 20. Kf2 Qxd4 21. Ne2 Qxe5 22. Kxe3 f5 $40) 19... c6 (
19... Rb8 $5 20. f4 c6 21. f5 exf5 22. Nxf5 gxf5 23. Rxf5 Qb6 $17) 20. Qxb7 Rb8
21. Qxa7 Rxb2 22. Rf2 Rb5 $1 23. a4 (23. Rd2 Qa8 24. Qxa8 Rxa8 $44) 23... Ra5
24. Qb7 Qa8 $1 25. Qb3 (25. Qxa8 Rfxa8 26. Rfa2 Nb4 $11) 25... Qa7 26. Qd1 (26.
Qc4 $142 Ra8 27. Rfa2 c5 $44) 26... Ra8 27. Rfa2 $6 (27. Rb2 Rxa4 (27... c5 $5
28. dxc5 (28. Ne2 cxd4 29. Qxd4 Rxa4 30. Rxa4 Qxa4 31. Qxa4 Rxa4 32. Kf2 $11)
28... Bxc5+ 29. Nxc5 Qxc5+ 30. Kh1 Nc3 $36) 28. Qxa4 Qxa4 29. Rxa4 Rxa4 30. Ne2
$11) 27... Nb4 28. Ra3 $2 (28. Rb2 Rxe5 29. Rab1 Rb8 30. Nc3 Ra5 31. Kh1 $11) (
28. Rf2 Rd8 29. Ne2 c5 $36 (29... Rxe5 $2 30. dxe5 Rxd1+ 31. Rxd1 Qxa4 32. Rd7
$132)) 28... Rxe5 29. Kh1 Rd5 30. a5 (30. Ne2 c5 $17) 30... Rxd4 (30... c5 $5
$17) 31. Qc1 (31. Qe2 $142 Rad8 32. Rb3 ({/\} 32. a6 Nc2 $19) 32... c5 $17)
31... Rad8 (31... Nd3 $5 $19) 32. h3 Nd3 $19 33. Qh6 f5 34. Nh5 Bxa3 35. Nef6+
Kh8 36. Rxa3 gxh5 37. Nxh5 Qf7 38. a6 Qg6 39. Qe3 Qxh5 40. a7 e5 41. a8=Q Rxa8
42. Rxa8+ Kg7 43. f4 Qh4 0-1

[Event "Montreal 1st"]
[Site "Montreal"]
[Date "2000.08.09"]
[Round "6"]
[White "Miladinovic, Igor"]
[Black "Lesiege, Alexandre"]
[Result "1/2-1/2"]
[WhiteElo "2563"]
[BlackElo "2584"]
[Annotator "Huzman,A"]
[PlyCount "55"]
[EventDate "2000.08.03"]
[EventType "tourn"]
[EventRounds "11"]
[EventCountry "CAN"]
[EventCategory "9"]
[SourceTitle "CBM 079"]
[Source "ChessBase"]
[SourceDate "2000.11.21"]
[SourceVersion "1"]
[SourceVersionDate "2000.11.21"]
[SourceQuality "1"]

1. d4 d5 2. c4 dxc4 3. e3 Nf6 4. Bxc4 e6 5. Nc3 a6 6. Qf3 Nbd7 7. Nge2 c5 8.
O-O Qc7 9. Bd3 (9. Bb3 Bd6 10. Qh3 b5 11. Bd2 Bb7 12. Rac1 O-O 13. dxc5 Nxc5
14. Bc2 Qb6 15. Ng3 Rfd8 16. Rcd1 b4 17. Nce2 a5 18. Qh4 Ba6 19. Rfe1 Nd3 $17 {
1/2-1/2 Van der Linde,M-Abolianin,A/Gent 1995/EXT 98 (41)}) 9... Bd6 10. Ng3
O-O 11. b3 cxd4 12. exd4 b5 $1 {By this move Black solve the problem of
developing Bc8 and now White should play accurately to equalise the position.}
13. Nce4 (13. Qxa8 $140 Qxc3 $17) 13... Bb7 14. Bg5 Nxe4 15. Bxe4 Bxe4 16. Qxe4
Nb6 17. Rac1 Qd7 18. Qc6 $1 Bxg3 19. Qxb6 $1 (19. hxg3 Qa7 20. Qe4 Nd5 21. Rc5
$15) 19... Qd6 (19... Bb8 20. Rfd1 h6 21. Be3 Rd8 $15) 20. Qxd6 (20. Rc6 Bxh2+
21. Kh1 Qd5 (21... Qb8 22. g3 (22. Qc5 Bf4 23. Rb6 Qxb6 24. Qxb6 Bxg5 $11)
22... Bxg3 23. fxg3 Qxg3 $44) 22. Rc5 Qd6 $11) 20... Bxd6 21. Rc6 Ba3 22. Bc1
Bxc1 23. Rfxc1 $11 Rfd8 24. g3 Kf8 25. Rb6 Rxd4 26. Rc7 Rd5 27. Rbb7 Rf5 28.
Ra7 1/2-1/2

[Event "Corus"]
[Site "Wijk aan Zee"]
[Date "2003.01.12"]
[Round "2"]
[White "Karpov, Anatoly"]
[Black "Shirov, Alexei"]
[Result "1/2-1/2"]
[WhiteElo "2688"]
[BlackElo "2723"]
[Annotator "Huzman,A"]
[PlyCount "99"]
[EventDate "2003.01.11"]
[EventType "tourn"]
[EventRounds "13"]
[EventCountry "NED"]
[EventCategory "18"]
[SourceTitle "CBM 093"]
[Source "ChessBase"]
[SourceDate "2003.04.01"]
[SourceVersion "1"]
[SourceVersionDate "2003.04.01"]
[SourceQuality "1"]

1. d4 d5 2. c4 dxc4 3. e4 Nf6 4. e5 Nd5 5. Bxc4 Nb6 6. Bd3 Nc6 7. Be3 Nb4 8.
Be4 f5 9. exf6 exf6 10. Nc3 f5 11. Bf3 N4d5 12. Bd2 Be6 (12... Be7 13. Nge2 Be6
14. Nf4 Nxf4 15. Bxf4 c6 16. O-O O-O 17. Re1 Bf7 18. Qc2 Qd7 19. Rad1 Rad8 20.
Be5 Rfe8 21. a3 Bf8 22. Be2 Be6 23. Bd3 Qf7 24. Qe2 Bb3 $15 {0-1 Hellborg,
T-Vernersson,P/SWE 2002/EXT 2003 (35)}) 13. Nh3 (13. Nge2 Qd7 14. O-O O-O-O 15.
Re1 Rg8 $1 16. Bg5 Re8 17. Nf4 Nxf4 18. Bxf4 g5 19. Be5 Bg7 20. Rc1 $6 Bxe5 $15
{Hansen,C. 1/2-1/2 Karpov,A-Short,N/Linares 1992/Candidates/[Hansen,Cu] (94)})
13... Be7 (13... Qd7 14. O-O O-O-O 15. Re1 Nxc3 $1 16. bxc3 Ba3 $1 17. Nf4 Bc4
18. Qc2 Rhe8 19. Nd3 Qa4 $1 $11 {1/2-1/2 Dreev,A-Shirov,A/Moscow 2002/CBM 91/
[Huzman] (29)}) 14. O-O O-O 15. Re1 Bf7 16. Nxd5 (16. Nf4 Nxf4 17. Bxf4 c6 $11)
16... Nxd5 17. Qc2 (17. Qb3 $5 Bf6 $1 18. Qxb7 Qd6 $1 (18... Bxd4 19. Ng5 $1)
19. Qb3 Rab8 20. Qd3 Rxb2 $11) 17... Qd7 {[%csl Rh3]} 18. Ng5 Bf6 $132 19. Nxf7
Rxf7 20. Qb3 c6 $11 21. Rad1 Rd8 22. Ba5 $1 Rdf8 23. h3 Kh8 24. Bd2 Rd8 25.
Bxd5 $1 Qxd5 26. Qxd5 cxd5 27. Bf4 $14 g6 28. Be5 Bxe5 29. Rxe5 (29. dxe5 f4 (
29... Kg7 30. Rd4 Re7 31. f4 Kf7 32. Rc1 $14) 30. Rd4 g5 31. Red1 Rfd7 $14 {/=}
32. h4 h6 33. R1d3 Kg7 34. hxg5 hxg5 35. g3 Kf7 36. gxf4 gxf4 37. Rxf4+ Ke6 $11
) 29... Rc7 $1 30. Rd2 Kg7 31. g4 Kf6 32. Kg2 Rc4 33. f4 Rd7 34. Kg3 a5 35. Kh4
a4 $1 36. a3 (36. gxf5 gxf5 37. Kh5 a3 38. bxa3 Rc3 39. h4 Rf3 $11) 36... b5
37. gxf5 gxf5 38. Kh5 b4 39. axb4 Rxb4 40. Re8 Rb3 $132 41. Rf8+ Rf7 42. Rxf7+
Kxf7 43. Kg5 Rxh3 44. Kxf5 Rh5+ 45. Kg4 Rh1 46. Kf5 Rh5+ 47. Kg4 Rh1 48. Rc2
Rd1 49. Rc7+ Kg8 50. Rc8+ 1/2-1/2

[Event "FIDE-Wch k.o."]
[Site "Tripoli"]
[Date "2004.06.28"]
[Round "5.1"]
[White "Topalov, Veselin"]
[Black "Kharlov, Andrei"]
[Result "1-0"]
[WhiteElo "2737"]
[BlackElo "2593"]
[Annotator "Huzman,A"]
[PlyCount "87"]
[EventDate "2004.06.19"]
[EventType "k.o."]
[EventRounds "7"]
[EventCountry "LBY"]
[SourceTitle "CBM 102"]
[Source "ChessBase"]
[SourceDate "2004.09.23"]
[SourceVersion "1"]
[SourceVersionDate "2004.09.23"]
[SourceQuality "1"]

1. d4 d5 2. c4 dxc4 3. e4 e5 4. Nf3 Bb4+ 5. Nc3 exd4 6. Nxd4 Ne7 7. Bxc4 Nbc6
8. Be3 Nxd4 9. Qxd4 $146 (9. Bxd4 O-O 10. a3 (10. O-O Nc6 (10... c6 11. a3 Ba5
12. Bc5 Qxd1 13. Raxd1 Re8 14. f4 Ng6 15. b4 Bb6 16. h3 Nf8 17. Bxb6 axb6 18.
a4 Be6 19. Bxe6 Rxe6 20. Rd3 f6 21. Rfd1 $16 {1-0 Georgiev,K-Schulz,K/
Rethymnon GRE 2003(53)}) 11. Be3 Qxd1 12. Rfxd1 Bxc3 13. bxc3 Be6 $11 {0-1 Van
Wely,L-Azmaiparashvili,Z/Ohrid 2001/CBM 84/[Huzman] (63)}) 10... Ba5 11. O-O
Bb6 (11... Ng6 12. Bc5 Re8 13. Qa4 Bh3 14. Qxa5 Qg5 (14... b6 $5) 15. g3 b6 16.
Bxb6 Qf6 17. Rfd1 Qf3 18. Bf1 Bxf1 19. Kxf1 Ne5 20. Bxc7 Qh1+ 21. Ke2 Qf3+ 22.
Kf1 Qh1+ 23. Ke2 Qf3+ 24. Ke1 $1 $18 {1-0 Gruenberg,H-Penrose,J/corr 1988 (42)}
) 12. Bxb6 axb6 13. f4 $16 {1-0 Van Wely,L-Romanishin,O/Moscow RUS 2004/(60)})
9... Qxd4 10. Bxd4 O-O (10... Nc6 11. Bxg7 Rg8 12. Bf6 Rxg2 13. e5 Be6 14. Bd3
$36 {[%csl Ra8]}) 11. a3 Bxc3+ (11... Nc6 $5 12. Bxg7 (12. Be3 Bxc3+ 13. bxc3
Be6 $11) 12... Kxg7 13. axb4 Nxb4 $13) 12. Bxc3 Be6 13. Be2 $14 {White has a
small advantage due to his pair of bishops and the pawn majority on the king's
side.} Bb3 (13... f5 14. exf5 Nxf5 15. O-O-O $14) 14. h4 $1 Rfe8 (14... f5 $5
15. Rh3 Be6 16. exf5 (16. Rg3 Rf7 17. Bh5 g6 18. Bf3 Re8 $132) 16... Nxf5 17.
O-O-O Rae8 18. Bf3 c6 19. Rhh1 $14) 15. Rh3 Ng6 16. Bd2 Ba4 (16... Be6 17. Rc3
Nxh4 18. g3 $16) 17. h5 Nf8 18. b3 Bc6 19. f3 Ne6 20. Rg3 f5 $5 (20... Nd4 21.
Bc3 Rad8 22. Rd1 $16) (20... Rad8 21. Bc3 $16) 21. Bc3 fxe4 22. fxe4 Rad8 (
22... Bxe4 23. Bc4 g6 24. O-O-O $18 {[%csl Rg8][%cal Gd1d7]}) 23. Bc4 $1 {
[%mdl 32]} Bxe4 (23... Rd7 24. Rd1 $16) 24. Bxg7 (24. Bxe6+ Rxe6 25. Rxg7+ Kf8
26. Rxc7 Rd3 (26... Bxg2+ 27. Kf2 Bc6 28. Bb4+ Ke8 29. Rxh7 Rd3 $132 {/+/-})
27. Kf2 Rc6 $1 28. Rxc6 Bxc6 29. Rc1 Kf7 $14) (24. Rxg7+ Kf8 $14) 24... Kf7 25.
Bc3 Bd5 $1 26. Kf2 (26. O-O-O Bxc4 27. Rf3+ Kg8 28. bxc4 Rxd1+ 29. Kxd1 $14)
26... Rg8 (26... Bxc4 $5 27. bxc4 Nd4 $132) 27. Rxg8 Kxg8 28. Rd1 Bxc4 (28...
c6 $5 29. Ke3 b5 30. Bxd5 Rxd5 31. Rxd5 cxd5 32. g4 Kf7 $11) 29. Rxd8+ Nxd8 30.
bxc4 {White still has an advantage because in following the game on two sides
Bc3 is stronger than Nd8.} a6 (30... Kf7 31. Ke3 Ke6 32. g4 Nf7 33. Kf4 $16) (
30... Nf7 31. Ke3 Nd6 32. Kd3 $16 {[%cal Gc3e5]}) 31. Ke3 Kf7 32. g4 Ne6 33.
Ke4 $16 Nc5+ 34. Kd5 Nd7 35. g5 Nb6+ 36. Kd4 Na4 37. Ba1 Nb6 38. c5 Nc8 39. Ke4
c6 $2 (39... b6 $1 40. Bd4 $1 (40. c6 Ne7) 40... bxc5 (40... Ke6 41. g6 $18)
41. Bxc5 Ke6 (41... Nb6 42. Bxb6 cxb6 43. Kd5 $18) 42. h6 (42. Kf4 Nb6 $14)
42... Kf7 43. Kd5 Kg6 44. Kc6 Nd6 45. Kxc7 Ne4 46. Be3 Nxg5 $14) 40. Bf6 b5 (
40... b6 41. Kd4 Ke6 42. Bd8 $18 bxc5+ 43. Kxc5 Nd6 44. Kxc6 Nf7 45. Bf6 h6 (
45... Kf5 46. Kb6 $18) 46. g6 Kxf6 47. gxf7 Kxf7 48. Kb6 $18) 41. Bd8 Ke6 42.
h6 Kf7 43. Kf5 $22 {[%mdl 4096]} a5 (43... Na7 44. g6+ Kg8 45. Kf6 $18) 44.
Bxa5 (44. Bxa5 Ne7+ 45. Ke5 Nc8 46. Bd8 Kg6 47. Ke6 $18) 1-0

[Event "Linares 19th"]
[Site "Linares"]
[Date "2002.03.07"]
[Round "11"]
[White "Shirov, Alexei"]
[Black "Ponomariov, Ruslan"]
[Result "1/2-1/2"]
[WhiteElo "2715"]
[BlackElo "2727"]
[Annotator "Huzman,A"]
[PlyCount "95"]
[EventDate "2002.02.22"]
[EventType "tourn"]
[EventRounds "14"]
[EventCountry "ESP"]
[EventCategory "20"]
[SourceTitle "CBM 088"]
[Source "ChessBase"]
[SourceDate "2002.03.21"]
[SourceVersion "1"]
[SourceVersionDate "2002.03.21"]
[SourceQuality "1"]

1. d4 d5 2. c4 dxc4 3. e4 Nf6 4. e5 Nd5 5. Bxc4 Nb6 6. Bd3 Nc6 7. Be3 Nb4 8.
Be4 f5 9. exf6 exf6 10. Nc3 f5 11. Bb1 N4d5 (11... Bd6 12. Nf3 Be6 13. O-O Qd7
14. a3 N4d5 15. Ng5 Nxc3 16. bxc3 Bd5 17. Bd3 O-O 18. Re1 {1/2-1/2 Pelletier,
Y-Sorokin,M/Elista 1998/CBM 66 ext (18)}) 12. Nf3 Bd6 (12... Bb4 13. Bd2 Be7
14. O-O O-O 15. Re1 Bf6 16. a3 Kh8 17. Ba2 f4 $8 18. Ne5 f3 19. Nxd5 Nxd5 20.
Nf7+ $2 (20. Bb4 $1 Bxe5 21. dxe5 Nxb4 22. Qxd8 Rxd8 23. axb4 $16) 20... Rxf7
21. Bxd5 Rf8 22. Bxf3 Bxd4 $11 {1-0 Huebner,R-Sulskis,S/Pula 1997/Inf 69/
[Huebner,R] (60)}) 13. Bg5 Be7 (13... Qd7 14. Qe2+ Qe6 15. Ne5 O-O 16. O-O Nxc3
$1 17. bxc3 Bxe5 18. dxe5 Qc6 19. Bd3 Be6 $15 {0-1 Timman,J-Salov,V/Sanghi
Nagar (m4) 1994/[Salov,V] (69)}) 14. Bd2 {White needs this B-maneuvre to pave
his way to the seizure of the e-file} O-O 15. O-O Nxc3 {Like in plenty of
other similar positions, two black Ns prove to be one too many for the purpose
of controlling the "d5" square. To get rid of an "unnecessary" piece, Black
allows his opponent to bring some support to his recently isolated pawn.} 16.
bxc3 Be6 {If Black could only stop the "c3" pawn from moving forward, he would
have but little reason to worry about his position..} 17. Re1 Bd5 18. Bd3 (18.
Ne5 c5 $132) 18... Nc4 (18... c5 19. Qe2 Bd6 20. c4 $5 (20. dxc5 Bxc5 21. Bg5
Qe8 22. Qd2 Qh5 23. Ne5 h6 24. Bf4 Rad8 $11) 20... Bxf3 21. Qxf3 Qh4 22. h3
Qxd4 23. Rad1 Nxc4 (23... Rae8 24. Rxe8 Rxe8 25. Be3 Qe5 26. g3 Qf6 27. Bxf5
$36) 24. Bxc4+ Qxc4 25. Bg5 $44) 19. Bxc4 $1 Bxc4 20. Ne5 Bf7 (20... Bd5 21. c4
Be4 22. Bc3 $16) 21. Nxf7 Rxf7 22. Qb3 c5 (22... b6 23. Re5 Qd7 24. Rae1 $16)
23. d5 (23. Qxb7 $5 cxd4 24. cxd4 Rb8 (24... Bf6 25. Qf3 Bxd4 26. Rad1 Bf6 27.
Bc3 Qf8 28. Bxf6 Rxf6 29. Rd7 $16) 25. Qa6 Qxd4 26. Be3 $36) (23. Re5 cxd4 24.
Rxf5 Bf6 25. Rd5 Qb6 26. Qxb6 axb6 27. cxd4 Rc7 $14 {Black can considerably
increase his survival chances by exchanging his doubled "b-pawns" for those on
"a2" and "d4"}) 23... b5 $1 {[%mdl 256]} (23... Qd7 24. c4 Bd6 25. Re6 Re8 26.
Rae1 Rfe7 $14) 24. Re6 (24. Bf4 Qd7 (24... Bd6 25. Bxd6 Qxd6 26. Re6 Qd7 27.
Rc6 $16) 25. d6 c4 (25... Bxd6 26. Qd5 $16 Rd8 $140 27. Bxd6 Qxd6 28. Re8+ $18)
26. Qd1 Bf6 27. Qd5 Qb7 $132) 24... Qd7 25. Rae1 (25. a4 $5 Rd8 (25... Rc8 26.
axb5 (26. Bf4 b4 27. c4 Bf6 28. Rae1 $14) 26... c4 27. Qd1 Qxd5 28. Qe2 Bf6 29.
Rxa7 Rxa7 30. Re8+ Kf7 31. Rxc8 Ra1+ 32. Be1 Qxb5 33. Qh5+ Ke7 $15) 26. axb5
Qxd5 27. Qxd5 Rxd5 28. Be3 c4 $1 29. Rc6 Rxb5 30. Bxa7 {[%csl Rc4]} Rf6 31.
Rc8+ Kf7 32. Kf1 (32. Rxc4 $4 Ra6 $19) 32... Rb2 33. Rxc4 Re6 34. Rc7 $16)
25... c4 26. Qd1 Rd8 $11 27. Qe2 Qxd5 28. Rxe7 Rxe7 (28... Qxd2 29. Re8+ Rf8
30. Rxf8+ Kxf8 31. Qe7+ Kg8 32. Qe6+ {-see the text.}) 29. Qxe7 Qxd2 30. Qe6+
Kf8 31. Qxf5+ Kg8 32. Qe6+ Kf8 33. Qe7+ Kg8 34. Qe6+ Kf8 35. h4 Qd7 36. Qa6 Qd2
37. Qe6 Qd7 38. Qe5 Re8 39. Qc5+ Kg8 40. Rxe8+ Qxe8 41. Qd5+ Kh8 42. Kf1 h6 $11
43. f3 a5 44. Kf2 Qg6 45. Qa8+ Kh7 46. Qxa5 Qc2+ 47. Kg3 Qg6+ 48. Kf2 (48. Kh2
Qd6+ 49. g3 Qe5 $11) 1/2-1/2

[Event "Leonid Stein Memorial-B"]
[Site "Lvov"]
[Date "2000.05.14"]
[Round "3"]
[White "Sulypa, Oleksandr"]
[Black "Maksimenko, Andrei"]
[Result "0-1"]
[WhiteElo "2449"]
[BlackElo "2495"]
[Annotator "Huzman,A"]
[PlyCount "84"]
[EventDate "2000.05.12"]
[EventType "tourn"]
[EventRounds "10"]
[EventCountry "UKR"]
[EventCategory "10"]
[SourceTitle "CBM 077"]
[Source "ChessBase"]
[SourceDate "2000.07.27"]
[SourceVersion "1"]
[SourceVersionDate "2000.07.27"]
[SourceQuality "1"]

1. d4 d5 2. c4 dxc4 3. e4 Nf6 4. e5 Nd5 5. Bxc4 Nb6 6. Bb3 Nc6 7. Ne2 Bf5 8.
Nbc3 e6 9. a3 Qd7 10. Be3 Be7 11. O-O O-O-O 12. Rc1 Na5 13. Ba2 Nac4 14. Ng3
Bg6 15. Qe2 Nxe3 16. fxe3 Kb8 17. Nge4 (17. Rfd1 Nd5 18. e4 $6 (18. Nge4 $10)
18... Nxc3 19. bxc3 h5 $1 20. Nf1 Qc6 21. Re1 Bh4 $1 22. g3 Bg5 23. Rc2 h4 24.
g4 f6 $1 $17 {. 1/2-1/2 Vyzmanavin,A-Greenfeld,A/Burgas 1994/Inf 61/[Greenfeld,
A] (26)}) (17. Bb1 $1 {Greenfeld,A} Bxb1 18. Rxb1 f6 19. exf6 $14) 17... Nd5
18. b4 (18. Nxd5 $5 exd5 (18... Bxe4 19. Rxc7 $18) 19. Nc5 Bxc5 20. Rxc5 Be4
21. Qh5 f5 22. Rfc1 (22. exf6 gxf6 23. Rxf6 Qg7 24. Rf2 Rdf8 25. Qe5 (25. Qe2
Rxf2 26. Qxf2 Rf8 (26... Rg8 $2 27. Bxd5 Qxg2+ 28. Qxg2 Rxg2+ 29. Kf1 $18) 27.
Qe2 (27. Qd2 Qf7 28. Rc1 Bxg2 $1 $19) 27... Qg6 $1 28. Rc1 Rg8 29. g3 h5 $40)
25... Qxe5 26. Rxf8+ Rxf8 27. dxe5 c6 28. b4 Kc7 $15) 22... Rc8 23. b4 $14)
18... Nxc3 19. Nxc3 f6 $11 20. exf6 (20. Qg4 $5 Bf5 21. Qxg7 Rhg8 22. Qh6 Rg6 (
22... fxe5 23. Rxf5 exf5 24. Bxg8 Rxg8 25. Qxh7 Rd8 26. Rd1 (26. d5 Bc5 27. Qh3
Bb6 28. Kh1 $16) 26... exd4 27. Rxd4 Qe6 $132) 23. Qf4 Rdg8 (23... Rg4 24. Qf3
fxe5 25. dxe5) 24. g3 (24. Rf2 Rg4 25. Qf3 fxe5 26. dxe5 Bh4 27. Re2 R4g6 $44)
24... fxe5 $1 (24... Rg4 25. Qf3 fxe5 26. dxe5 Qd2 27. Rfd1 Qb2 28. e4 Rh4 29.
Qg2 $16) 25. Qxe5 (25. dxe5 Bg5 26. Qf2 h5 $44) 25... Bd6 $40) 20... Bxf6 21.
Bb3 c6 {[%cal Ye6e5]} 22. Rfd1 Qe7 23. Na4 Rd6 (23... e5 $2 24. d5 $14) 24. Nc5
Rhd8 25. Qg4 $6 (25. b5 e5 26. bxc6 Rxc6 27. dxe5 Rxd1+ (27... Bxe5 28. Rxd8+
Qxd8 29. Qb5 Qe7 30. Nd7+ (30. Bd5 Bd6 31. Nd7+ Kc8 32. Rxc6+ bxc6 33. Qxc6+
Kd8 34. Qa8+ Kxd7 35. Qc6+ $11) 30... Qxd7 31. Qxe5+ Qd6 $11) 28. Qxd1 Bxe5 (
28... Rxc5 29. Rxc5 Qxc5 30. exf6 gxf6 31. Qd8+ Qc8 32. Qxf6 $16) 29. Nd7+ Kc8
30. Rxc6+ bxc6 31. Nxe5 Qxe5 $11) 25... e5 26. d5 (26. Ne6 exd4 (26... Bf7 27.
dxe5 Rxd1+ 28. Rxd1 Rxd1+ 29. Qxd1 Bxe5 $15) 27. Qf4 (27. exd4 Bf7 $1 28. Nxd8
Bxb3 $17) 27... Bf7 $1 $17) 26... Bg5 $1 (26... cxd5 27. Rxd5 Rxd5 28. Bxd5 Bg5
(28... Rxd5 $4 29. Na6+ bxa6 30. Qc8#) 29. Kf2 $132) 27. Qh3 $2 (27. Rc3 cxd5
28. Bxd5 (28. Rxd5 Rxd5 29. Bxd5 Bxe3+ 30. Rxe3 Rxd5 $17) 28... Bxe3+ 29. Rxe3
Rxd5 $17) 27... cxd5 28. Rxd5 Rxd5 29. Bxd5 Bf5 $1 $19 30. Qxf5 (30. Qf3 Rxd5
$19) 30... Bxe3+ 31. Kh1 Bxc1 32. Bf3 Bxa3 33. Qe4 Rd4 34. Na6+ Kc8 35. Qc2+
Kd8 36. Nc5 e4 37. Nxe4 Bxb4 38. h3 Qc7 39. Qb2 Qe5 40. Qa2 Rxe4 41. Qg8+ Kc7
42. Qf7+ Be7 0-1